Managerial economics / (Record no. 346137)
[ view plain ]
| 000 -LEADER | |
|---|---|
| fixed length control field | 01233 a2200229 4500 |
| 020 ## - INTERNATIONAL STANDARD BOOK NUMBER | |
| International Standard Book Number | 0071123210 |
| 020 ## - INTERNATIONAL STANDARD BOOK NUMBER | |
| International Standard Book Number | 9780071123211 |
| 090 ## - LOCALLY ASSIGNED LC-TYPE CALL NUMBER (OCLC); LOCAL CALL NUMBER (RLIN) | |
| -- | 3671 |
| -- | 3671 |
| 100 1# - MAIN ENTRY--PERSONAL NAME | |
| Personal name | Maurice, S. Charles. |
| 245 10 - TITLE STATEMENT | |
| Title | Managerial economics / |
| Statement of responsibility, etc. | S. Charles Maurice. |
| 250 ## - EDITION STATEMENT | |
| Edition statement | 7I.S.ed ed. |
| 260 ## - PUBLICATION, DISTRIBUTION, ETC. | |
| Place of publication, distribution, etc. | [S.l.] : |
| Name of publisher, distributor, etc. | McGraw-Hill Publishing Co., |
| Date of publication, distribution, etc. | 2001. |
| 300 ## - PHYSICAL DESCRIPTION | |
| Extent | 1 v. (unpaged) |
| 500 ## - GENERAL NOTE | |
| General note | Paperback. |
| 520 ## - SUMMARY, ETC. | |
| Summary, etc. | Thomas and Maurice's "Managerial Economics" teaches students how to use microeconomic theory to analyze business decisions. In a clear and engaging writing style, Christopher Thomas carries on the tradition he and Charles Maurice shepherded for seven previous editions in the 8th edition. The 8th Edition explores the current market forces that create both opportunities and constraints for business enterprises. The book has enjoyed success in part because of its mid-level of rigor. |
| 700 1# - ADDED ENTRY--PERSONAL NAME | |
| Personal name | Smithson, Charles W. |
| 700 1# - ADDED ENTRY--PERSONAL NAME | |
| Personal name | Thomas, Christopher. |
| 700 1# - ADDED ENTRY--PERSONAL NAME | |
| Personal name | Thomas, Christopher R. |
| 856 40 - ELECTRONIC LOCATION AND ACCESS | |
| Materials specified | Amazon.com |
| Uniform Resource Identifier | <a href="http://www.amazon.com/exec/obidos/ASIN/0071123210/chopaconline-20">http://www.amazon.com/exec/obidos/ASIN/0071123210/chopaconline-20</a> |
| 856 40 - ELECTRONIC LOCATION AND ACCESS | |
| Materials specified | Amazon customer reviews |
| Uniform Resource Identifier | <a href="http://www.chopac.org/cgi-bin/tools/azrev.pl?q=0071123210">http://www.chopac.org/cgi-bin/tools/azrev.pl?q=0071123210</a> |
| 942 ## - ADDED ENTRY ELEMENTS (KOHA) | |
| Institution code [OBSOLETE] | NBS |
| Koha item type | Book |
| Call number prefix | 338.5024658 MAU |
| Withdrawn status | Lost status | Damaged status | Not for loan | Permanent Location | Current Location | Date acquired | Total Checkouts | Full call number | Barcode | Date last seen | Date last checked out | Price effective from | Koha item type |
|---|---|---|---|---|---|---|---|---|---|---|---|---|---|
| Central Library (CL) | Central Library (CL) | 08/28/2013 | 2 | 338.5024658 MAU | NBS4729 | 11/22/2017 | 08/09/2017 | 08/28/2013 | Book |
